000 00306 a2200157 4500
001 163683
020 _a
040 _cMagnum
100 _a-
240 1 0 _aPlebiscito
_lpor
245 1 0 _aPlebiscito
362 0 _a1899
440 1 _aEdições Loyola
697 _aIJ/SOCIEDADE COTIDIANO
942 _cBK
999 _c163683
_d163683